Name a City in Countries Beginning With A: A-Z - Statistics

General Stats
  • This quiz has been taken 123 times
  • The average score is 9 of 14
Answer Stats
Letter City % Correct
A Algiers | Adelaide
98%
B Buenos Aires | Baku | Benguela | Brisbane
98%
S Sydney | San Miguel de Tucaman | Salta | Santa Fe | San Juan
91%
M Mendoza | Melbourne | Moçâmedes | Menongue | Mar del Plata
89%
P Perth
85%
V Vienna
79%
L Luanda | Lubango | Luena | La Plata
70%
Y Yerevan
70%
K Kabul | Kandahar
64%
C Cordoba | Cabinda
52%
O Oran
38%
R Rosario
33%
G Gold Coast
26%
H Huambo | Herat
17%
No matching quizzes found
Score Distribution
Percent of People with Each Score
Percentile by Number Answered
Your Score History
You have not taken this quiz